Missing Word: 3-Letter Singers (A-Z) Quiz Stats

 Plays Quiz Updated Dec 19, 2012

     
Support Sporcle.
Go Orange.
Score 0/26 Timer 02:00
4 Plays Today
Clue Answer % Correct
Yoko ____Ono
94.1%
____ FightersFoo
92.5%
____ King ColeNat
92.2%
____ at WorkMen
89.2%
____ GarfunkelArt
86.5%
Status ____Quo
82.4%
____ McLeanDon
81.2%
____ MorrisonVan
80.5%
____ StewartRod
79.9%
____ StevensCat
79.6%
____ ChocolateHot
71.5%
____ TurnerIke
70.9%
____ WayneLil
69.8%
Clue Answer % Correct
The ____Who
69.5%
____ CookeSam
68.4%
____ WaitsTom
61.9%
____ Folds FiveBen
59.6%
_____PSY
59.1%
____ DivisionJoy
49.5%
____ WildeKim
43%
____Yes
39.6%
____ for AfricaUSA
37.3%
____ CassidyEva
31.8%
Babylon ____Zoo
29.9%
____ Scott-HeronGil
20.2%
____XTC
12.5%

Today's Daily Dose

From the Vault

NFL Starting QBs (Seattle Seahawks)

by mrthroat

Sports 4m
Height isn't a requirement for being a QB for the Seattle Seahawks.
Remove Ads.
Support Sporcle.
Get the best of Sporcle when you Go Orange. This ad-free experience offers more features, more stats, and more fun while also helping to support Sporcle. Thank you for becoming a member.

Show Comments

Extras

Top Quizzes Today


Score Distribution

Your Account Isn't Verified!

In order to create a playlist on Sporcle, you need to verify the email address you used during registration. Go to your Sporcle Settings to finish the process.

Report this User

Report this user for behavior that violates our Community Guidelines.

Details: